Compositions Bayern-PSG retour LDC - Statistiques

Statistiques générales
  • Ce quiz a été pris 1 263 fois
  • Le résultat moyen est 16 sur 22
Statistiques - réponses
Poste Joueur % Correct
AT Mbappé
97%
D Marquinhos
88%
AT Messi
86%
G Donnaruma
85%
D Hakimi
84%
M Verratti
82%
M Kimmich
80%
G Sommer
76%
AT Muller
75%
D Mendes
74%
D Danilo
70%
M Vitinha
70%
M Coman
68%
M Goretzka
66%
D Upamecano
66%
AT Choupo Moting
65%
D De ligt
62%
M Fabian Ruiz
62%
M Davies
61%
D Ramos
58%
AT Musiala
55%
D Stanisic
22%
Aucun quiz correspondant
Distribution des résultats
% des personnes avec chaque résultat
Percentile par nombre de réponses
Votre historique - résultats
Vous n’avez pas pris ce quiz